000 00263nam a22000977a 4500
999 _c11455
_d11455
008 190525b ||||| |||| 00| 0 eng d
020 _a9781599201153
100 _aPark Louis
_97178
245 _aNatural Disasters- (Tsunamis)
260 _aMinnesota
_bSmart Apple
_c2007